The revised NEO Personality Inventory : (Record no. 2383)
[ view plain ]
| 000 -LEADER | |
|---|---|
| fixed length control field | 01199cam a2200301 a 4500 |
| 001 - CONTROL NUMBER | |
| control field | 2617157 |
| 003 - CONTROL NUMBER IDENTIFIER | |
| control field | OSt |
| 005 - DATE AND TIME OF LATEST TRANSACTION | |
| control field | 20170105101150.0 |
| 008 - FIXED-LENGTH DATA ELEMENTS--GENERAL INFORMATION | |
| fixed length control field | 980821s1998 nyua b 001 0 eng |
| 010 ## - LIBRARY OF CONGRESS CONTROL NUMBER | |
| LC control number | 98042281 |
| 020 ## - INTERNATIONAL STANDARD BOOK NUMBER | |
| International Standard Book Number | 0306459434 |
| 040 ## - CATALOGING SOURCE | |
| Original cataloging agency | DLC |
| Transcribing agency | DLC |
| Modifying agency | DLC |
| 050 00 - LIBRARY OF CONGRESS CALL NUMBER | |
| Classification number | BF698.8.N46 |
| Item number | P54 1998 |
| 082 00 - DEWEY DECIMAL CLASSIFICATION NUMBER | |
| Classification number | 155.2/83 |
| Edition number | 21 |
| 100 1# - MAIN ENTRY--PERSONAL NAME | |
| Personal name | Piedmont, Ralph L., |
| Dates associated with a name | 1958- |
| 245 14 - TITLE STATEMENT | |
| Title | The revised NEO Personality Inventory : |
| Remainder of title | clinical and research applications / |
| Statement of responsibility, etc. | Ralph L. Piedmont. |
| 260 ## - PUBLICATION, DISTRIBUTION, ETC. | |
| Place of publication, distribution, etc. | New York : |
| Name of publisher, distributor, etc. | Plenum Press, |
| Date of publication, distribution, etc. | c1998. |
| 300 ## - PHYSICAL DESCRIPTION | |
| Extent | xx, 286 p. : |
| Other physical details | ill. ; |
| Dimensions | 24 cm. |
| 440 #4 - SERIES STATEMENT/ADDED ENTRY--TITLE | |
| Title | The Plenum series in social/clinical psychology |
| 504 ## - BIBLIOGRAPHY, ETC. NOTE | |
| Bibliography, etc. note | Includes bibliographical references (p. 255-275) and indexes. |
| 650 #0 - SUBJECT ADDED ENTRY--TOPICAL TERM | |
| Topical term or geographic name entry element | NEO Personality Inventory. |
| 650 #0 - SUBJECT ADDED ENTRY--TOPICAL TERM | |
| Topical term or geographic name entry element | NEO Five-Factor Inventory. |
| 856 42 - ELECTRONIC LOCATION AND ACCESS | |
| Materials specified | Publisher description |
| Uniform Resource Identifier | <a href="http://www.loc.gov/catdir/enhancements/fy0819/98042281-d.html">http://www.loc.gov/catdir/enhancements/fy0819/98042281-d.html</a> |
| 856 41 - ELECTRONIC LOCATION AND ACCESS | |
| Materials specified | Table of contents only |
| Uniform Resource Identifier | <a href="http://www.loc.gov/catdir/enhancements/fy0819/98042281-t.html">http://www.loc.gov/catdir/enhancements/fy0819/98042281-t.html</a> |
| 906 ## - LOCAL DATA ELEMENT F, LDF (RLIN) | |
| a | 7 |
| b | cbc |
| c | orignew |
| d | 1 |
| e | ocip |
| f | 19 |
| g | y-gencatlg |
| 942 ## - ADDED ENTRY ELEMENTS (KOHA) | |
| Source of classification or shelving scheme | |
| Koha item type | Book |
| Withdrawn status | Lost status | Source of classification or shelving scheme | Damaged status | Not for loan | Collection code | Permanent Location | Current Location | Shelving location | Date acquired | Total Checkouts | Full call number | Barcode | Date last seen | Date last checked out | Price effective from | Koha item type | Total Renewals |
|---|---|---|---|---|---|---|---|---|---|---|---|---|---|---|---|---|---|
| Central Library (CL) | Central Library (CL) | General Stacks | 06/24/2015 | 2 | 155.2/83 PIE | S3H-S-171 | 04/14/2023 | 03/11/2020 | 06/24/2015 | Book | |||||||
| Central Library (CL) | Central Library (CL) | General Stacks | 06/24/2015 | 2 | 155.2/83 PIE | S3H-S-172 | 07/20/2018 | 04/18/2018 | 06/24/2015 | Book | 1 | ||||||
| Central Library (CL) | Central Library (CL) | General Stacks | 06/24/2015 | 2 | 155.2/83 PIE | S3H-S-174 | 03/05/2020 | 05/09/2018 | 06/24/2015 | Book | 1 | ||||||
| Central Library (CL) | Central Library (CL) | General Stacks | 06/24/2015 | 2 | 155.2/83 PIE | S3H-S-173 | 09/02/2024 | 11/25/2020 | 06/24/2015 | Book | 2 |
